The VLSI Handbook / (Record no. 7974)
[ view plain ]
| 000 -LEADER | |
|---|---|
| fixed length control field | 01255nac a22002531u 4500 |
| 008 - FIXED-LENGTH DATA ELEMENTS--GENERAL INFORMATION | |
| fixed length control field | 091105t xxu||||| |||| 00| 0 eng d |
| 010 ## - LIBRARY OF CONGRESS CONTROL NUMBER | |
| LC control number | 2006050477 |
| 020 ## - INTERNATIONAL STANDARD BOOK NUMBER | |
| International Standard Book Number | 084934199X |
| 082 00 - DEWEY DECIMAL CLASSIFICATION NUMBER | |
| Classification number | 621.395 |
| Item number | VLS |
| 100 ## - MAIN ENTRY--PERSONAL NAME | |
| Personal name | |
| 9 (RLIN) | 9204 |
| 245 04 - TITLE STATEMENT | |
| Title | The VLSI Handbook / |
| Statement of responsibility, etc | Edited by Wai-Kai Chen. |
| 250 ## - EDITION STATEMENT | |
| Edition statement | 2nd ed. |
| 260 ## - PUBLICATION, DISTRIBUTION, ETC. (IMPRINT) | |
| Place of publication, distribution, etc | Boca Raton, FL : |
| Name of publisher, distributor, etc | CRC/Taylor & Francis, |
| Date of publication, distribution, etc | c2007. |
| 300 ## - PHYSICAL DESCRIPTION | |
| Extent | Various p. : |
| Dimensions | 32 cm. |
| 490 0# - Series Statement | |
| Series statement | Electrical engineering handbook series ; |
| Volume/sequential designation | 38 |
| 504 ## - BIBLIOGRAPHY, ETC. NOTE | |
| Bibliography, etc | Includes bibliographical references and index. |
| 650 #0 - SUBJECT ADDED ENTRY--TOPICAL TERM | |
| Topical term or geographic name as entry element | Integrated circuits |
| General subdivision | Very large scale integration. |
| 9 (RLIN) | 9205 |
| 700 1# - ADDED ENTRY--PERSONAL NAME | |
| Personal name | Chen, Wai-Kai, |
| Dates associated with a name | 1936- |
| 9 (RLIN) | 9206 |
| 856 42 - ELECTRONIC LOCATION AND ACCESS | |
| Materials specified | Publisher description |
| Uniform Resource Identifier | <a href="http://www.loc.gov/catdir/enhancements/fy0703/2006050477-d.html">http://www.loc.gov/catdir/enhancements/fy0703/2006050477-d.html</a> |
| 942 ## - ADDED ENTRY ELEMENTS (KOHA) | |
| Item type | Reference (NB) |
| Call number prefix | 621.395CHE |
| Source of classification or shelving scheme | Dewey Decimal Classification |
| Withdrawn status | Item status | Source of classification or shelving scheme | Damaged status | Not for loan | Vendor | Home library | Current library | Shelving location | Date acquired | Source of acquisition | Total Checkouts | Full call number | Barcode | Date last seen | Koha item type |
|---|---|---|---|---|---|---|---|---|---|---|---|---|---|---|---|
| Dewey Decimal Classification | Alahram | Central Library | Central Library | Ground Floor | 08/02/2014 | 621.395 VLS | 000009725 | 15/07/2025 | Reference (NB) | ||||||
| Dewey Decimal Classification | Baccah | Central Library | Central Library | Ground Floor | 05/11/2009 | 621.395 VLS | 000018883 | 15/07/2025 | Reference (NB) | ||||||
| Dewey Decimal Classification | Baccah | Central Library | Central Library | Ground Floor | 05/11/2009 | 621.395 VLS | 000018884 | 15/07/2025 | Reference (NB) |